| 000 | 00801cam a2200241 a 4500 | ||
|---|---|---|---|
| 001 | 000018531 | ||
| 005 | 20200929165822.0 | ||
| 008 | 830518s1962 enk 000 d eng d | ||
| 040 |
_aDO-SdBNP _beng _cLC _dBNPHU |
||
| 041 | 1 | 7 |
_aeng _hfre _2Código de idioma MARC |
| 082 |
_a862.64 _bC352t |
||
| 100 | 1 |
_aDel Castillo, Michel, _d1933- _939836 |
|
| 240 | 1 | 3 |
_aLe Manége Espagnol. _lInglés |
| 245 | 1 | 0 |
_aThrough the hoop / _cMichel Del Castillo ; traducción Peter Wiles. |
| 260 |
_aLondon : _bRupert Hart-Davis, _c1962. |
||
| 300 |
_a351 p. ; _c21 cm. |
||
| 534 |
_aOrinally published : _tLe Manége Espagnol |
||
| 650 | 4 |
_aTeatro español _93071 |
|
| 650 | 4 |
_aLiteratura española _ySIGLO XX _93326 |
|
| 700 | 1 |
_aWiles, Peter, _etr. _940068 |
|
| 910 | _aCatalogación derivada / LC | ||
| 049 | _aBNGR | ||
| 999 |
_c18051 _d18051 |
||